Reglamento de prácticas profesionales vigente : aprobado en Consejo Superior el día 24 de enero del 2017

El presente reglamento ha sido modificado por la Coordinación de Prácticas Profesionales, actualizando el reglamento vigente desde el año 2006, en tanto permite realizar un reajuste y sistematización del proceso de práctica profesional, estableciendo los procedimientos y las condiciones de realizaci...

Descripción completa

Detalles Bibliográficos
Autor Corporativo: Universidad Academia de Humanismo Cristiano (Chile)
Formato: Libro
Lenguaje:español
Publicado: Santiago, Chile : Universidad Academia de Humanismo Cristiano, 2017.
Acceso en línea:Acceso electrónico al documento

MARC

LEADER 00000nam a22000007a 4500
008 251022s2017 cl |||| o|||| 00| 0 spa d
040 |a UAHC  |c UAHC 
110 |a Universidad Academia de Humanismo Cristiano (Chile)  |9 3405 
245 |a Reglamento de prácticas profesionales vigente :  |b aprobado en Consejo Superior el día 24 de enero del 2017  |c Universidad Academia de Humanismo Cristiano. 
260 |a Santiago, Chile :   |b Universidad Academia de Humanismo Cristiano,  |c 2017. 
300 |a 23 páginas 
500 |a Sitio visitado https://www.academia.cl/wp-content/uploads/2023/04/reglamento-practica-profesionales-psicologia.pdf el 22 de octubre de 2025. 
520 |a El presente reglamento ha sido modificado por la Coordinación de Prácticas Profesionales, actualizando el reglamento vigente desde el año 2006, en tanto permite realizar un reajuste y sistematización del proceso de práctica profesional, estableciendo los procedimientos y las condiciones de realización del mismo. Este reglamento es efectivo a partir del año 2017 para la realización de las Prácticas Profesionales en la Escuela de Psicología, perteneciente a la Facultad de Ciencias Sociales de la Universidad Academia Humanismo Cristiano. 
856 |y Acceso electrónico al documento  |u https://www.academia.cl/wp-content/uploads/2023/04/reglamento-practica-profesionales-psicologia.pdf 
900 |a Recurso electrónico 
942 |c BK 
952 |0 0  |1 0  |4 0  |6 RECURSO_ELECTRÓNICO  |7 0  |8 COMP  |9 101414  |a BC  |b BC  |c Digital  |d 2025-10-22  |l 0  |o Recurso electrónico  |r 2025-10-22 19:49:22  |w 2025-10-22  |y BK  |B PSI 
999 |c 63119  |d 63119